GBD second course in computer science and information technology / (Record no. 135874)

MARC details
000 -LEADER
fixed length control field 00676nam a22002177a 4500
005 - DATE AND TIME OF LATEST TRANSACTION
control field 20170124110251.0
010 ## - LIBRARY OF CONGRESS CONTROL NUMBER
LC control number B-228763
020 ## - INTERNATIONAL STANDARD BOOK NUMBER
Terms of availability 150.00
International Standard Book Number 8188951064
035 ## - SYSTEM CONTROL NUMBER
System control number B-228763
037 ## - SOURCE OF ACQUISITION
Source of stock number/acquisition Cen Lib/Ret
040 ## - CATALOGING SOURCE
Original cataloging agency DPL
Language of cataloging EN
082 ## - DEWEY DECIMAL CLASSIFICATION NUMBER
Classification number 004
Item number GBD
110 ## - MAIN ENTRY--CORPORATE NAME
Corporate name or jurisdiction name as entry element New Delhi.GBD Books
9 (RLIN) 98112
245 ## - TITLE STATEMENT
Title GBD second course in computer science and information technology /
260 ## - PUBLICATION, DISTRIBUTION, ETC. (IMPRINT)
Place of publication, distribution, etc New Delhi
Name of publisher, distributor, etc GBD Books
Date of publication, distribution, etc 2005
270 ## - ADDRESS
City New Delhi
Address 16, Ansari Road, Darya Ganj
Postal code 110002
300 ## - PHYSICAL DESCRIPTION
Extent various pagings :
Dimensions 23cm(pbk)
Other physical details ill.
650 ## - SUBJECT ADDED ENTRY--TOPICAL TERM
Topical term or geographic name as entry element Computer science.
9 (RLIN) 98970
650 ## - SUBJECT ADDED ENTRY--TOPICAL TERM
Topical term or geographic name as entry element Information technology
9 (RLIN) 98971
942 ## - ADDED ENTRY ELEMENTS (KOHA)
Source of classification or shelving scheme Dewey Decimal Classification
Koha item type English Books
Classification part 004
Call number suffix GBD
Holdings
Withdrawn status Lost status Damaged status Not for loan Home library Current library Date acquired Source of acquisition Cost, normal purchase price Total Checkouts Full call number Barcode Date last seen Date checked out Copy number Cost, replacement price Price effective from Koha item type Public note Source of classification or shelving scheme Collection code Shelving location
Written off       Central Library Central Library 08/10/2015 Cen Lib/Ret 150.00 1 004 GBD B-228763 11/12/2019 11/12/2019 1 150.00 08/10/2015 English Books Written off on approval by DLB (By Circulation); dtd 15-06-2023      
      Ordered Sarojini Nagar Sarojini Nagar 08/03/2017 DPL 150.00   004 GBD B-228770 08/03/2017   1 150.00 08/03/2017 English Books   Dewey Decimal Classification Non-fiction On Display

© Delhi Public Library
Hit Counter
free hit counter